| Tag |
First Indicator |
Second Indicator |
Subfields |
| LEADER |
00000pam a2200000 a 4500 |
| 001 |
in00000073052 |
| 005 |
20151008060026.0 |
| 008 |
811016s1982 nyua b 00110 eng |
| 010 |
|
|
|a 81017635
|
| 020 |
|
|
|a 0126774803
|
| 035 |
|
|
|a (OCoLC)07925213
|
| 035 |
|
|
|9 AAJ4991AM
|
| 039 |
0 |
|
|a 2
|b 3
|c 3
|d 3
|e 3
|
| 040 |
|
|
|a DLC
|c DLC
|d TXA
|d UtOrBLW
|
| 049 |
|
|
|a TXAM
|c [952105]
|
| 050 |
0 |
0 |
|a RC669
|b .S86
|
| 060 |
|
0 |
|a WG 166 S963b
|
| 082 |
0 |
|
|a 616.1/0651
|2 19
|
| 100 |
1 |
|
|a Surwit, Richard S.
|
| 245 |
1 |
0 |
|a Behavioral approaches to cardiovascular disease /
|c Richard S. Surwit, Redford B. Williams, Jr., David Shapiro.
|
| 264 |
|
1 |
|a New York :
|b Academic Press,
|c 1982.
|
| 300 |
|
|
|a xiv, 233 pages :
|b illustrations ;
|c 24 cm.
|
| 336 |
|
|
|a text
|b txt
|2 rdacontent
|
| 337 |
|
|
|a unmediated
|b n
|2 rdamedia
|
| 338 |
|
|
|a volume
|b nc
|2 rdacarrier
|
| 490 |
1 |
|
|a Behavioral medicine series
|
| 504 |
|
|
|a Includes bibliographies and indexes.
|
| 650 |
|
0 |
|a Cardiovascular system
|x Diseases
|x Psychological aspects.
|
| 650 |
|
0 |
|a Behavior therapy.
|
| 650 |
|
0 |
|a Medicine and psychology.
|
| 650 |
|
2 |
|a Cardiovascular Diseases.
|
| 650 |
|
2 |
|a Behavior Therapy.
|
| 650 |
|
2 |
|a Cardiovascular System
|x physiopathology.
|
| 700 |
1 |
|
|a Williams, Redford B.,
|d 1940-
|
| 700 |
1 |
|
|a Shapiro, David,
|d 1926-
|
| 830 |
|
0 |
|a Behavioral medicine.
|
| 999 |
|
|
|a MARS
|
| 999 |
f |
f |
|s 46243a33-99ef-381f-bd7a-334ddb921a1e
|i 0cfc1db3-9f46-3dc0-b5a9-8c2b4a321715
|t 0
|
| 952 |
f |
f |
|p ric
|a Texas A&M University
|b Rellis Campus
|c Joint Library Facility
|d Remote Storage
|t 0
|e RC669 .S86
|h Library of Congress classification
|i unmediated -- volume
|m A14806230896
|
| 998 |
f |
f |
|a RC669 .S86
|t 0
|l Remote Storage
|